| 000 | 01053nam a2200361 a 4500 | ||
|---|---|---|---|
| 003 | AR-BaBNM | ||
| 005 | 20251128204353.0 | ||
| 008 | 082120s2002 ||||||||||||||000 | spa|| | ||
| 020 | _a84-7509-823-1 | ||
| 040 | _cAR-BaBNM | ||
| 100 | 1 | _aMolina, Lourdes | |
| 245 | 0 | 0 |
_aLa escuela infantil _bacción y participación |
| 260 |
_aBarcelona _bPaidós _c1992 |
||
| 300 |
_a311 p. _bil., gráfs. |
||
| 490 | 0 |
_aPapeles de pedagogía _vv. 9 |
|
| 500 | _aLista de títulos de la colección | ||
| 504 | _aContiene bibliografía | ||
| 650 | 4 | _aCUIDADO DEL NIÑO | |
| 650 | 4 | _aPSICOLOGIA DEL NIÑO | |
| 650 | 4 | _aEDUCACION DE LA PRIMERA INFANCIA | |
| 650 | 4 | _aJUEGOS EDUCATIVOS | |
| 650 | 4 | _aJUEGOS INFANTILES | |
| 650 | 4 | _aNECESIDADES DEL NIÑO | |
| 650 | 4 | _aACTIVIDADES DE APRENDIZAJE | |
| 653 | _aEDUCACION INICIAL | ||
| 653 | _aJARDINES DE INFANTES | ||
| 653 | _aNIÑOS DE JARDIN DE INFANTES | ||
| 653 | _aJARDINES MATERNALES | ||
| 653 | _aEDUCACION PARA LA SALUD | ||
| 700 | 1 | _aJiménez, Núria | |
| 942 | _cBK | ||
| 998 | _cMARTIN | ||
| 999 |
_c7191 _d7191 |
||